Responses for show #8327 - Tuesday, February 2, 2021

Contestants

[<< previous game]

Henry Michaels, an arts administrator originally from Morganton, North Carolina

Myrlin Hermes, a novelist from Portland, Oregon

Steve Crupi, a retired police department information supervisor from Las Vegas, Nevada (whose 1-day cash winnings total $10,000)

[next game >>]

Jeopardy! Round responses

CUTTING EDGE TECHNOLOGY
FASHION
COUNTRY / MUSIC
2 LETTERS, ENDS IN "E"
AMERICAN NAMES
AUTHORS
    $200 1
diamonds

Steve
    $200 20
camouflage

Steve
    $200 17
reggae

Henry
    $200 16
he

Henry
    $200 4
Ben Franklin

Myrlin
    $200 5
Othello

Myrlin
    $400 2
chefs

Henry
    $400 21
hats

Steve
    $400 18
the pan flute

Myrlin
    $400 19
de

Myrlin
    $400 10
vitamin C

Steve
    $400 6
Waugh

Steve
    $600 3
(Henry: What is a pull cut?)
[Initially ruled incorrect; reversed before Daily Double at clue 13]

a cross cut

Henry
    $600 22
Flashdance

Myrlin
    $600 25
flamenco

Steve
    $600 28
we

Steve
    $600 11
Maya Angelou

Myrlin
    $600 7
Nicholas Sparks

Triple Stumper
    $800 8
a slicer

Henry
    $800 23
tweed

Myrlin
    $800 26
Brazil

Myrlin
    $800 29
re

Steve
    $800 12
(Milton) Hershey

Henry
    $800 14
Simone de Beauvoir

Myrlin
    $1000 9
Damascus

Triple Stumper
    $1000 24
crinoline

Henry
    $1000 27
mariachi

Myrlin
    $1000 30
ye

Myrlin
    $1,500 13
Leopold & Loeb

Henry
    $1000 15
Charles Dickens

Triple Stumper

Scores at the first commercial break (after clue 15):

Steve Myrlin Henry
$1,000 $1,800 $4,100

Scores at the end of the Jeopardy! Round:

Steve Myrlin Henry
$3,600 $6,800 $5,500

Double Jeopardy! Round responses

"A" IS FOR ASTRONOMICAL
THE WESTERN HEMISPHERE
FILMS WITH SMALL CASTS
OLD NEWSPAPERS
THE NORMAN CONQUEST
RHYME TIME
    $400 1
Aldrin & Armstrong

Henry
    $400 22
Inca

Steve
    $400 11
Paranormal Activity

Myrlin
    $400 2
New Orleans

Steve
    $400 12
William the Conqueror

Myrlin
    $400 7
a green gene

Henry
    $800 3
Andromeda

Henry
    $800 23
Idaho

Henry
    $800 17
Gravity

Myrlin
    $800 4
The Times of London

Steve
    $800 13
chain mail

Myrlin
    $800 27
a fight site

Triple Stumper
    $1200 5
(Henry: What is relative?)

the apparent magnitude

Henry
Triple Stumper
    $1200 24
Nicaragua

Steve
    $1200 18
Rockwell

Henry
    $1200 8
The Liberator

Triple Stumper
    $1200 14
the Bayeux Tapestry

Henry
    $1200 28
bingo lingo

Triple Stumper
    $1600 6
the aperture

Myrlin
    $1600 25
Tierra del Fuego

Henry
    $1600 19
Robert Redford

Steve
    $2,000 9
(Henry: What is... mud slinging?)

yellow journalism

Henry
    $1600 15
King Harold II

Myrlin
    $1600 29
(Henry: [Sighs])
(Ken: Oh, you ran out of time.)

fickle nickel

Henry
Triple Stumper
    $2000 21
albedo

Steve
    $4,000 26
(Henry: What is Costa Rica?)

CuraƧao

Henry
    $2000 20
Lifeboat

Steve
    $2000 10
The Hartford Courant

Triple Stumper
    $2000 16
surnames

Henry
    $2000 30
[Laughter]
(Ken: Thank you! Yes, that's a great punctuation mark.)

an oyster cloister

Myrlin

Scores at the end of the Double Jeopardy! Round:

Steve Myrlin Henry
$12,000 $14,400 $5,100

[wagering suggestions for these scores]

Final Jeopardy! Round responses

WRITERS FOR CHILDREN
(Ken: [To Steve] His real middle name was "Soyce", which is how his mother pronounced it; it was her maiden name.)
HenryWho is Dubois?
$5,000
SteveWho is Seuss?
$0
MyrlinWho is Boyce
$10,000
Dr. Seuss

Final scores:

Steve Myrlin Henry
$12,000 $4,400 $100
2-day champion: $22,000 2nd place: $2,000 3rd place: $1,000

Game dynamics:

Coryat scores:

Steve Myrlin Henry
$12,000 $14,400 $10,600
15 R,
0 W
18 R,
0 W
16 R
(including 1 DD),
4 W
(including 2 DDs)

Combined Coryat: $37,000

The J! Archive is created by fans, for fans. The Jeopardy! game show and all elements thereof, including but not limited to copyright and trademark thereto, are the property of Jeopardy Productions, Inc. and are protected under law. This website is not affiliated with, sponsored by, or operated by Jeopardy Productions, Inc. Join the discussion at JBoard.tv.